| 000 | 00904nas a2200289 4500 | ||
|---|---|---|---|
| 001 | BR2018000710 | ||
| 003 | BR-BrBNA | ||
| 005 | 20231205131300.0 | ||
| 007 | ta | ||
| 008 | 230509b bl.|||p| |||| 00| 00por d | ||
| 040 |
_aBR-BrBNA _bpor _cBiblioteca Nacional de Agricultura |
||
| 041 | _a(Pt) | ||
| 072 | _aF02 | ||
| 100 | 1 | _aOliveira, H.S. de | |
| 100 | 1 | _aMiranda, V.S. | |
| 100 | 1 | _aMoura, H.C. da P. | |
| 100 | 1 | _aCampelo, M.F. | |
| 100 | 1 | _aSantos, L.R.R. dos | |
| 245 | 1 | _aEstabelecimento e multiplicação in vitro de brotos no processo de micropropagação de cultivares de bananeira (Musa spp.) | |
| 650 | _aBANANA | ||
| 650 | _aMICROPROPAGAÇÃO | ||
| 650 | _aOXIDAÇÃO | ||
| 650 | _aCONTAMINAÇÃO | ||
| 773 | 0 |
_tActa Amazônica (Brazil) _xISSN 0044-5967 _g(Sep 2011), v. 41(3) p. 369-376 _wBR2018000710 |
|
| 909 |
_a202311 _bLúcia _c55 _dLúcia Elande |
||
| 942 |
_2AGRIS _n0 _cANA |
||
| 999 |
_c253964 _d253964 |
||